| 000 | 01138nam a2200253Ia 4500 | ||
|---|---|---|---|
| 003 | Ost | ||
| 005 | 20260507075651.0 | ||
| 008 | 260507s9999||||xx |||||||||||||| ||und|| | ||
| 020 | _a7018339957 | ||
| 040 | _cfsecg | ||
| 041 | _aara | ||
| 082 | _a658.31245 | ||
| 100 |
_aأبو نبعة، عبد العزيز _eمؤلف |
||
| 245 | 0 |
_aكيف ترفع إنتاجية موظفيك وتزيد الربحية؟ / _c عبد العزيز أبو نبعة |
|
| 260 |
_aعمان: _bمؤسسة الوراق للنشر والتوزيع, _c2004 |
||
| 300 |
_a276 صفحة؛ _bإيضاحات ؛ _c24 سم |
||
| 490 | _aللمسؤولين والمدارء في الشركات والمنظمات والمؤسسات | ||
| 520 | _aالإستثمارات و الطريق الى تحسين الانتاجية وزيادة الربحية- العوامل التسويقية- العوامل الإدارية- مقياس عام للإنتاجية والربحية . | ||
| 653 | _aإدارة الأفراد | ||
| 653 | _aإدارة الإنتاج | ||
| 653 | _aالأرباح | ||
| 653 | _aالقوى العاملة- تخطيط | ||
| 942 | _cكتاب | ||
| 999 |
_c45593 _d45593 |
||